000 00319nam a2200133Ia 4500
008 220204s9999 xx 000 0 und d
082 _a668.58
_bHAR
100 _aHarry, Ralph G
245 0 _aHarry's cosmeticology
250 _aEd.6
260 _aBritain
_bLeonard Hill
_c1973
650 _aCosmeticology
942 _cBK
999 _c31345
_d31345